00801pam a2200181 a 45000010005000000030009000050050017000140080041000310400028000720820019001001000024001192450261001432600094004043000024004986500046005227000025005687000026005931367BD-DhUAP20201221145948.0201221s1996 us a b 001 0 eng  aDLCcDLCdBD-DhUAPbeng00a657.07 CAL2231 aCalderon, Thomas G.10aA framework for encouraging effective teaching : breport of the committee on promoting and evaluating effective teaching : teaching and curriculum section, American accounting association /cThomas G. Calderon, Alexander L. Gabbin and Brian Patrick Green. aVirginia :bCenter for research in accounting education James Madison University,cc1996. a214 pages ;c23 cm. 0aAccounting xStudy and teaching (Higher).1 aGabbin, Alexander L.1 aGreen, Brian Patrick.